Online
Catalog

Didáctica general : (Record no. 23926)

MARC details
000 -CABECERA
campo de control de longitud fija 00653nam a2200205 a 4500
001 - NÚMERO DE CONTROL
campo de control 000024433
005 - FECHA Y HORA DE LA ÚLTIMA TRANSACCIÓN
campo de control 20200930023155.0
008 - DATOS DE LONGITUD FIJA--INFORMACIÓN GENERAL
campo de control de longitud fija 110127s1970 mx a r 001 0 spa d
040 ## - FUENTE DE LA CATALOGACIÓN
Centro catalogador/agencia de origen DO-SdBNP
Lengua de catalogación spa
Centro/agencia transcriptor BNPHU
082 ## - NÚMERO DE LA CLASIFICACIÓN DECIMAL DEWEY
Número de clasificación nn*
Número de documento/Ítem nn*
049 ## - FONDOS LOCALES (OCLC)
Fondos de biblioteca BNGR
100 1# - ENTRADA PRINCIPAL--NOMBRE DE PERSONA
Nombre de persona Mantache Roman, Jesús.
9 (RLIN) 50088
245 10 - MENCIÓN DE TÍTULO
Título Didáctica general :
Resto del título curso de postgraduación /
Mención de responsabilidad, etc. Jesús Mantache Roman.
250 ## - MENCIÓN DE EDICIÓN
Mención de edición 8a ed.
260 ## - PUBLICACIÓN, DISTRIBUCIÓN, ETC.
Lugar de publicación, distribución, etc. México, D. F. :
Nombre del editor, distribuidor, etc. Herrero,
Fecha de publicación, distribución, etc. 1970.
300 ## - DESCRIPCIÓN FÍSICA
Extensión 266 p. :
Otras características físicas il. ;
Dimensiones 20 cm.
500 ## - NOTA GENERAL
Nota general "Primera parte".
504 ## - NOTA DE BIBLIOGRAFÍA, ETC.
Nota de bibliografía, etc. Bibliografía : [255]-262 p.
500 ## - NOTA GENERAL
Nota general Incluye referencias bibliográficas y notas al pie de las páginas.
Holdings
Estado de retiro Estado de pérdida Restricciones de uso No para préstamo Código de colección Localización permanente Ubicación/localización actual Ubicación en estantería Fecha de adquisición Número de inventario Total de préstamos Signatura topográfica completa Código de barras Fecha visto por última vez Precio válido a partir de Tipo de ítem Koha
        Monografías: Libros y Folletos General General En catalogación 27.01.2011 LF1   nn* nn* 24433-10 25.06.2020 25.06.2020 Préstamo en sala

Powered by Koha